LEADER 00891cam2 22002413 450 001 SOBE00041745 005 20140326105113.0 100 $a20140326d1987 |||||ita|0103 ba 101 $aita 102 $aIT 200 1 $a<<6: >>Testo$fGiorgio Vasari 210 $aFirenze$cSansoni$dstampa1987 215 $a638 p.$cill.$d27 cm. 461 1$1001SON0006056$12001 $a<>vite de' pił eccellenti pittori, scultori e architettori nelle redazioni del 1550 e 1568 / Giorgio Vasari ; Testo a cura di Rosanna Bettarini ; Commento secolare a cura di Paola Barocchi 801 0$aIT$bUNISOB$c20140326$gRICA 850 $aUNISOB 852 $aUNISOB$j700$m136711 912 $aSOBE00041745 940 $aM 102 Monografia moderna SBN 941 $aM 957 $a700$b001548$i-6$gSI$d136711$1rovito$2UNISOB$3UNISOB$420140326105007.0$520140326105034.0$6rovito 996 $aTesto$9148802 997 $aUNISOB